Directors Whose Names Start With B - Statistics

General Stats
  • This quiz has been taken 40 times
  • The average score is 15 of 37
Answer Stats
Film Country Answer % Correct
Edward Scissorhands USA Tim Burton
97%
Slumdog Millionaire UK Danny Boyle
91%
Zero Dark Thirty USA Kathryn Bigelow
89%
Life Is Beautiful Italy Roberto Benigni
89%
The Seventh Seal Sweden Ingmar Bergman
86%
Lucy France Luc Besson
86%
Deepwater Horizon USA Peter Berg
86%
1900 Italy Bernardo Bertolucci
80%
Armageddon USA Michael Bay
71%
Thor UK Kenneth Branagh
69%
Dick Tracy USA Warren Beatty
63%
Deliverance UK John Boorman
57%
Balthazar, at Random / Au hasard Balthazar France Robert Bresson
57%
Los olvidados Spain Luis Buñuel
54%
Frances Ha USA Noah Baumbach
51%
The Last Picture Show USA Peter Bogdanovich
51%
Freaks USA Tod Browning
49%
District 9 South Africa Neill Blomkamp
40%
The Hole / Le Trou France Jacques Becker
29%
Going Places / Les Valseuses France Bertrand Blier
26%
Cat on a Hot Tin Roof USA Richard Brooks
23%
Saint Laurent France Bertrand Bonello
17%
The Chorus / Les Choristes France Christophe Barratier
17%
The Measure of a Man / La loi du marché France Stéphane Brizé
17%
Of Gods and Men / Des hommes et des dieux France Xavier Beauvoix
17%
Gold Diggers of 1933 USA Busby Berkeley
14%
Secret Things / Choses Secrètes France Jean-Claude Brisseau
14%
Limitless USA Neil Burger
14%
Anatomy of Hell / Anatomie de l'enfer France Catherine Breillat
11%
Uranus France Claude Berri
11%
REC Spain Jaume Balagueró
11%
Nine Queens / Las nueve reinas Argentina Fabián Bielinsky
9%
One Night / 38 témoins France Lucas Belvaux
9%
Wanted Russia Timur Bekmambetov
9%
Tonnerre France Guillaume Brac
6%
All About Them / A trois on y va France Jérome Bonnell
6%
Five Dolls for an August Moon Italy Mario Bava
6%
No matching quizzes found
Score Distribution
Percent of People with Each Score
Percentile by Number Answered
Your Score History
You have not taken this quiz